Normal view
MARC view
- Short Stories - Rabindranath Tagore
Entry Topical Term
001 - CONTROL NUMBER
- control field: 2590
003 - CONTROL NUMBER IDENTIFIER
- control field: JO-AjAnu
005 - DATE AND TIME OF LATEST TRANSACTION
- control field: 20230606070728.0
008 - FIXED-LENGTH DATA ELEMENTS
- fixed length control field: 230606|| aca||aabn | a|a d
040 ## - CATALOGING SOURCE
- Original cataloging agency: JO-AjAnu
- Transcribing agency: JO-AjAnu
150 ## - HEADING--TOPICAL TERM
- Topical term or geographic name entry element: Short Stories - Rabindranath Tagore
670 ## - SOURCE DATA FOUND
- Source citation: Work cat.: (JO-AjAnu)1354: Translation by: MUKERJI, JOYASREE, author 2589, SHE: A Collection Of Short Stories Of Rabindranath Tagore